000
00326nam a22001457a 4500
008
210531b ||||| |||| 00| 0 eng d
020
_a
9780324062939
041
_a
eng
080
_2
5th
_a
33
082
_a
33
100
_a
58
101
_a
BIZ
245
_a
Fundamentals of Business Law
_c
Roger L. Miller
942
_2
udc
_c
BK
999
_c
57854
_d
57854